000 00674nam a2200217 a 4500
001 60184
003 BD-RjUL
005 20211209080819.0
008 161228s1916 enk 000 0 eng
035 _a(BD-RjUL)60308
040 _aDLC
_cOGK
_dDLC
_dBD-RjUL
_beng
041 _aeng
082 _223
_a294.5
_bMAH 1916
100 1 _aMaitra, Harendranath.
_9179193
245 1 0 _aHinduism :
_bthe world-ideal /
_cby Harendranath Maitra, with an introduction by G. K. Chesterton.
260 _aNew York :
_bDodd Mead,
_c1916.
300 _axv, 137 p. ;
_c20 cm.
650 0 _aHinduism.
_9172234
700 _aChesterton, G. K. with an introduction by
_9179194
942 _2ddc
_cBK
999 _c60184
_d60184